Global Trade, European Integration and the Restructuring of Slovak Clothing Exports

Meniaca sa pozícia odevného priemyslu v SR a v strednej Európe počas 90. rokov v kontexte európskej integrácie a globálnej obchodnej liberalizácia. Všeobecný rast exportu odevov zo SR a strednej Európy do Európskej únie. Špecifické postavenie slovenských výrobcov odevov.

Na minha lista:
Detalhes bibliográficos
Autor principal: Smith, Adrian
Outros Autores: Begg, Bob, Buček, Milan, Pickles, John
Formato: Capítulo de Livro
Idioma:inglês
Assuntos:
Tags: Adicionar Tag
Sem tags, seja o primeiro a adicionar uma tag!

MARC

LEADER 00000naa$a2200000$$$4500
001 0017457
005 20240502071403.9
041 0 |a eng 
044 |a SK 
245 1 0 |a Global Trade, European Integration and the Restructuring of Slovak Clothing Exports  |c aut. Adrian Smith, Bob Begg, Milan Buček, John Pickles 
520 |a Meniaca sa pozícia odevného priemyslu v SR a v strednej Európe počas 90. rokov v kontexte európskej integrácie a globálnej obchodnej liberalizácia. Všeobecný rast exportu odevov zo SR a strednej Európy do Európskej únie. Špecifické postavenie slovenských výrobcov odevov. 
610 2 0 |a globalizácia 
610 2 0 |a obchod 
610 2 0 |a integrácia ekonomická medzinárodná 
610 2 0 |a reštrukturalizácia 
610 2 0 |a Slovensko 
610 2 0 |a priemysel odevný 
610 2 0 |a vývoz 
610 2 0 |a stredná Európa 
610 2 0 |a Európska únia 
100 1 |a Smith, Adrian 
700 1 |a Begg, Bob 
700 1 |a Buček, Milan 
700 1 |a Pickles, John